[Event "17PCR_ZK04"]
[Site "?"]
[Date "2007.??.??"]
[Round "?"]
[White "Vins, Karel"]
[Black "Struzka, Vlastimil"]
[Result "0-1"]
[WhiteElo "1732"]
[BlackElo "2080"]
[PlyCount "52"]
[EventDate "2007.??.??"]
[EventType "corr"]
[EventRounds "2"]
[SourceDate "2007.06.28"]

1. d4 d5 2. Nf3 Nf6 3. g3 e6 4. Bg2 Be7 5. e3 O-O 6. O-O c5 7. c3 Qc7 8. Re1
Nc6 9. dxc5 Bxc5 10. b4 Bd6 11. Qb3 Rd8 12. Nbd2 a5 13. b5 a4 14. Qc2 Nb4 15.
Qb1 Qxc3 16. Bb2 Qc2 17. a3 Qxb1 18. Raxb1 Nc2 19. Rec1 Nxa3 20. Bxa3 Bxa3 21.
Rc2 Bd6 22. Ra2 Bd7 23. Bf1 Rdc8 24. Rba1 a3 25. Nb1 Rc1 26. Kg2 Ne4 0-1

[Event "17PCR_ZK04"]
[Site "?"]
[Date "2007.??.??"]
[Round "?"]
[White "Struzka, Vlastimil"]
[Black "Vins, Karel"]
[Result "1-0"]
[WhiteElo "2080"]
[BlackElo "1732"]
[PlyCount "51"]
[EventDate "2007.??.??"]
[EventType "corr"]
[EventRounds "2"]
[SourceDate "2007.06.28"]

1. d4 d5 2. c4 e6 3. Nc3 Nf6 4. Nf3 g6 5. Bg5 Be7 6. Bh6 c6 7. e3 Nbd7 8. Bd3
Bf8 9. Bxf8 Nxf8 10. O-O Nh5 11. Qd2 f5 12. Ne2 Ng7 13. Rac1 h5 14. b4 a6 15.
h4 Bd7 16. Nf4 Rc8 17. Qc3 Qf6 18. Qa3 Qd8 19. Rb1 b5 20. cxd5 exd5 21. Ne5 Qf6
22. Qxa6 Nge6 23. Nxd7 Kxd7 24. Nxd5 cxd5 25. Bxb5+ Kd8 26. Qd6+ 1-0

[Event "17PCR_ZK04"]
[Site "?"]
[Date "2007.??.??"]
[Round "?"]
[White "Slavik, Miroslav"]
[Black "Struzka, Vlastimil"]
[Result "1-0"]
[WhiteElo "2238"]
[BlackElo "2080"]
[PlyCount "21"]
[EventDate "2007.??.??"]
[EventType "corr"]
[EventRounds "2"]
[SourceDate "2007.06.28"]

1. c4 e5 2. Nc3 Nf6 3. Nf3 Nc6 4. d4 e4 5. Nd2 Nxd4 6. Ndxe4 Ne6 7. Nxf6+ Qxf6
8. e3 c6 9. Qc2 d6 10. Qb3 Qf3 11. gxf3 1-0

[Event "17PCR_ZK04"]
[Site "?"]
[Date "2007.??.??"]
[Round "?"]
[White "Slavik, Miroslav"]
[Black "Vins, Karel"]
[Result "1-0"]
[WhiteElo "2238"]
[BlackElo "1732"]
[PlyCount "63"]
[EventDate "2007.??.??"]
[EventType "corr"]
[EventRounds "2"]
[SourceDate "2007.06.28"]

1. d4 d5 2. Nf3 Nf6 3. e3 c6 4. Bd3 g6 5. O-O Bg7 6. c4 e6 7. Nbd2 Nbd7 8. b3
O-O 9. Ba3 Re8 10. Bd6 Bf8 11. Bxf8 Rxf8 12. a4 Kg7 13. a5 a6 14. Qc2 Rh8 15.
Qc3 h6 16. Rfe1 Nh7 17. e4 Re8 18. e5 Ndf8 19. Re3 Bd7 20. Ne1 f5 21. exf6+
Nxf6 22. Nef3 Re7 23. c5 Be8 24. Ne5 N8d7 25. Ndf3 Nxe5 26. Nxe5 Kg8 27. Rae1
Rg7 28. Qd2 Rc8 29. Rf3 g5 30. Ng4 Qe7 31. Nxh6+ Kh8 32. Nf5 1-0

[Event "17PCR_ZK04"]
[Site "?"]
[Date "2007.??.??"]
[Round "?"]
[White "Vins, Karel"]
[Black "Slavik, Miroslav"]
[Result "0-1"]
[WhiteElo "1732"]
[BlackElo "2238"]
[PlyCount "44"]
[EventDate "2007.??.??"]
[EventType "corr"]
[EventRounds "2"]
[SourceDate "2007.06.28"]

1. d4 Nf6 2. c4 g6 3. g3 Bg7 4. Bg2 d6 5. Nc3 O-O 6. e4 Nbd7 7. Nge2 c5 8. d5
Ne5 9. b3 Bg4 10. Qc2 Nf3+ 11. Kf1 Nd4 12. Qd3 Nxe2 13. Nxe2 Nxd5 14. Rb1 Bxe2+
15. Qxe2 Nc3 16. Qc2 Nxb1 17. Qxb1 b5 18. cxb5 a6 19. bxa6 Qa5 20. Kg1 Rxa6 21.
a3 Qe1+ 22. Bf1 Rxa3 0-1

[Event "17PCR_ZK04"]
[Site "?"]
[Date "2007.??.??"]
[Round "?"]
[White "Vins, Karel"]
[Black "Mudra, Oldrich"]
[Result "0-1"]
[WhiteElo "1732"]
[BlackElo "2116"]
[PlyCount "48"]
[EventDate "2007.??.??"]
[EventType "corr"]
[EventRounds "2"]
[SourceDate "2007.06.28"]

1. d4 Nf6 2. c4 e6 3. Nc3 d5 4. e3 c6 5. Qc2 Nbd7 6. Nf3 Bd6 7. c5 Bc7 8. Bd3
e5 9. dxe5 Nxe5 10. Nxe5 Bxe5 11. f4 Bxc3+ 12. Qxc3 O-O 13. O-O Re8 14. b4 Ne4
15. Bxe4 Rxe4 16. Bd2 Bf5 17. a3 Re6 18. Rae1 Be4 19. Rf2 f5 20. Bc1 Qh4 21. h3
Rg6 22. Ref1 Qxh3 23. Bb2 Rxg2+ 24. Rxg2 Qxg2# 0-1

[Event "17PCR_ZK04"]
[Site "?"]
[Date "2007.??.??"]
[Round "?"]
[White "Mudra, Oldrich"]
[Black "Vins, Karel"]
[Result "1-0"]
[WhiteElo "2116"]
[BlackElo "1732"]
[PlyCount "55"]
[EventDate "2007.??.??"]
[EventType "corr"]
[EventRounds "2"]
[SourceDate "2007.06.28"]

1. Nf3 Nf6 2. g3 d5 3. Bg2 g6 4. d4 Bg7 5. O-O c6 6. Nbd2 e6 7. Re1 O-O 8. c3
Nbd7 9. e4 dxe4 10. Nxe4 Nxe4 11. Rxe4 Nf6 12. Re1 Re8 13. a4 a6 14. a5 Nd5 15.
Bd2 h6 16. Ne5 Bxe5 17. dxe5 Kg7 18. Qc1 Rh8 19. c4 Ne7 20. Rd1 Qe8 21. Bb4 Bd7
22. Bc5 Rd8 23. Qd2 Nd5 24. Ra3 Bc8 25. cxd5 cxd5 26. Bb6 Rd7 27. Rc1 Re7 28.
Qb4 1-0

[Event "17PCR_ZK04"]
[Site "?"]
[Date "2007.??.??"]
[Round "?"]
[White "Kudr, Roman"]
[Black "Mudra, Oldrich"]
[Result "1/2-1/2"]
[WhiteElo "2216"]
[BlackElo "2116"]
[PlyCount "43"]
[EventDate "2007.??.??"]
[EventType "corr"]
[EventRounds "2"]
[SourceDate "2007.06.28"]

1. d4 Nf6 2. c4 e6 3. Nf3 d5 4. Nc3 c6 5. e3 Nbd7 6. Bd3 dxc4 7. Bxc4 b5 8. Bd3
Bb7 9. O-O b4 10. Ne4 Be7 11. Nxf6+ Nxf6 12. e4 Nd7 13. a3 a5 14. Qc2 c5 15. d5
exd5 16. exd5 Bxd5 17. Re1 b3 18. Qc3 O-O 19. Bxh7+ Kxh7 20. Qd3+ Kg8 21. Qxd5
a4 22. Qf5 1/2-1/2

[Event "17PCR_ZK04"]
[Site "?"]
[Date "2007.??.??"]
[Round "?"]
[White "Mudra, Oldrich"]
[Black "Kudr, Roman"]
[Result "1/2-1/2"]
[WhiteElo "2116"]
[BlackElo "2216"]
[PlyCount "44"]
[EventDate "2007.??.??"]
[EventType "corr"]
[EventRounds "2"]
[SourceDate "2007.06.28"]

1. Nf3 Nf6 2. g3 d5 3. Bg2 c6 4. O-O Bg4 5. d4 e6 6. Ne5 Bh5 7. c4 Nbd7 8. Bg5
Be7 9. Nxd7 Nxd7 10. Bxe7 Qxe7 11. Re1 Qb4 12. cxd5 exd5 13. Qd2 Qxd2 14. Nxd2
Bg6 15. Rac1 Nf6 16. a4 O-O 17. f3 a5 18. e4 Ra6 19. e5 Ne8 20. Re3 Nc7 21. Bh3
f5 22. f4 Rb6 1/2-1/2

[Event "17PCR_ZK04"]
[Site "?"]
[Date "2007.??.??"]
[Round "?"]
[White "Vins, Karel"]
[Black "Petricek, Jiri"]
[Result "0-1"]
[WhiteElo "1732"]
[BlackElo "1502"]
[PlyCount "38"]
[EventDate "2007.??.??"]
[EventType "corr"]
[EventRounds "2"]
[SourceDate "2007.06.28"]

1. d4 Nf6 2. c4 g6 3. g3 Bg7 4. Nc3 d5 5. e3 O-O 6. c5 b6 7. cxb6 axb6 8. Bg2
c6 9. Nge2 Nbd7 10. h3 b5 11. O-O Bb7 12. Qc2 b4 13. Nd1 Ba6 14. Re1 Qb6 15. b3
c5 16. dxc5 Nxc5 17. Nb2 Rac8 18. Qd2 Nfe4 19. Nd4 Nxd2 0-1

[Event "17PCR_ZK04"]
[Site "?"]
[Date "2007.??.??"]
[Round "?"]
[White "Petricek, Jiri"]
[Black "Vins, Karel"]
[Result "1-0"]
[WhiteElo "1502"]
[BlackElo "1732"]
[PlyCount "37"]
[EventDate "2007.??.??"]
[EventType "corr"]
[EventRounds "2"]
[SourceDate "2007.06.28"]

1. e4 e5 2. Nf3 Nf6 3. d4 exd4 4. e5 Ng8 5. Nxd4 d5 6. Nc3 c6 7. Bd3 h6 8. O-O
c5 9. Ndb5 Be6 10. Qf3 Ne7 11. Nd6+ Kd7 12. Na4 b6 13. Bb5+ Nbc6 14. Nxf7 Bxf7
15. Qxf7 Kc8 16. c4 d4 17. Ba6+ Kb8 18. Bf4 Qc7 19. e6 1-0

[Event "17PCR_ZK04"]
[Site "?"]
[Date "2007.??.??"]
[Round "?"]
[White "Kudr, Roman"]
[Black "Vins, Karel"]
[Result "1-0"]
[WhiteElo "2216"]
[BlackElo "1732"]
[PlyCount "47"]
[EventDate "2007.??.??"]
[EventType "corr"]
[EventRounds "2"]
[SourceDate "2007.06.28"]

1. d4 d5 2. Nf3 Nf6 3. c4 dxc4 4. e3 e6 5. Bxc4 c6 6. O-O Bd6 7. Re1 O-O 8. Nc3
Bb4 9. e4 h6 10. a3 Bxc3 11. bxc3 Re8 12. Bd3 Nbd7 13. e5 Nd5 14. c4 Ne7 15.
Be4 Nf8 16. Rb1 Rb8 17. Be3 a6 18. c5 Nd5 19. Qc2 f5 20. exf6 Qxf6 21. Ne5 Nf4
22. Nxc6 Nd7 23. Nxb8 Nxb8 24. Bxb7 1-0

[Event "17PCR_ZK04"]
[Site "?"]
[Date "2007.??.??"]
[Round "?"]
[White "Vins, Karel"]
[Black "Kudr, Roman"]
[Result "0-1"]
[WhiteElo "1732"]
[BlackElo "2216"]
[PlyCount "46"]
[EventDate "2007.??.??"]
[EventType "corr"]
[EventRounds "2"]
[SourceDate "2007.06.28"]

1. d4 Nf6 2. c4 g6 3. g3 Bg7 4. Bg2 d5 5. cxd5 Nxd5 6. e3 O-O 7. Ne2 c5 8. Nbc3
Nxc3 9. bxc3 Nc6 10. Rb1 cxd4 11. exd4 Qa5 12. Bxc6 bxc6 13. Qd2 Bh3 14. c4 Qa6
15. c5 e5 16. dxe5 Bxe5 17. f3 Rfe8 18. Kf2 Rad8 19. Qxd8 Rxd8 20. Be3 Kg7 21.
Rhe1 Qxa2 22. Rbd1 Rxd1 23. Rxd1 a5 0-1

[Event "17PCR_ZK04"]
[Site "?"]
[Date "2007.??.??"]
[Round "?"]
[White "Kudr, Roman"]
[Black "Struzka, Vlastimil"]
[Result "1/2-1/2"]
[WhiteElo "2216"]
[BlackElo "2080"]
[PlyCount "67"]
[EventDate "2007.??.??"]
[EventType "corr"]
[EventRounds "2"]
[SourceDate "2007.06.28"]

1. d4 d5 2. Nf3 Nf6 3. c4 e6 4. Nc3 Nc6 5. Bg5 Be7 6. e3 O-O 7. Be2 h6 8. Bh4
Na5 9. cxd5 exd5 10. O-O c6 11. Qc2 Re8 12. Bd3 Nc4 13. Bxc4 dxc4 14. Ne5 Be6
15. f4 c5 16. f5 Bd5 17. Rad1 cxd4 18. Rxd4 Qc7 19. Ng4 Bc6 20. Nxf6+ Bxf6 21.
Bxf6 gxf6 22. Nd1 b5 23. Rh4 Rad8 24. Qe2 Kf8 25. Rxh6 Qe5 26. Nf2 Qd5 27. e4
Qd2 28. Qh5 Qxb2 29. Rh7 Rd7 30. g4 Qe2 31. Qh6+ Ke7 32. g5 Kd8 33. Rh8 Rxh8
34. Qxh8+ 1/2-1/2

[Event "17PCR_ZK04"]
[Site "?"]
[Date "2007.??.??"]
[Round "?"]
[White "Mudra, Oldrich"]
[Black "Petricek, Jiri"]
[Result "1-0"]
[WhiteElo "2116"]
[BlackElo "1502"]
[PlyCount "43"]
[EventDate "2007.??.??"]
[EventType "corr"]
[EventRounds "2"]
[SourceDate "2007.06.28"]

1. Nf3 d5 2. d4 Nf6 3. Bf4 e6 4. e3 Bd6 5. Bg3 Nc6 6. Bd3 O-O 7. Nc3 Nb4 8. Be2
c5 9. dxc5 Bxc5 10. O-O Ne4 11. Nxe4 dxe4 12. Nd2 f5 13. a3 Nc6 14. b4 Bb6 15.
Nc4 Qxd1 16. Raxd1 Bd8 17. Nd6 Bg5 18. c4 Bf6 19. c5 Ne5 20. Rd2 g6 21. f3 exf3
22. gxf3 1-0

[Event "17PCR_ZK04"]
[Site "?"]
[Date "2007.??.??"]
[Round "?"]
[White "Petricek, Jiri"]
[Black "Mudra, Oldrich"]
[Result "0-1"]
[WhiteElo "1502"]
[BlackElo "2116"]
[PlyCount "42"]
[EventDate "2007.??.??"]
[EventType "corr"]
[EventRounds "2"]
[SourceDate "2007.06.28"]

1. e4 c6 2. d4 d5 3. e5 Bf5 4. Nf3 e6 5. Nc3 Ne7 6. Be2 Nd7 7. Nh4 Bg6 8. Be3
c5 9. dxc5 Nc6 10. Nxg6 hxg6 11. Bd4 Qg5 12. g3 Nxd4 13. Qxd4 Bxc5 14. Qg4 Qxg4
15. Bxg4 Nxe5 16. Be2 g5 17. Na4 Bd6 18. f3 Ke7 19. Nc3 Rac8 20. O-O-O Rh3 21.
f4 gxf4 0-1

[Event "17PCR_ZK04"]
[Site "?"]
[Date "2007.??.??"]
[Round "?"]
[White "Kudr, Roman"]
[Black "Petricek, Jiri"]
[Result "1/2-1/2"]
[WhiteElo "2216"]
[BlackElo "1502"]
[PlyCount "35"]
[EventDate "2007.??.??"]
[EventType "corr"]
[EventRounds "2"]
[SourceDate "2007.06.28"]

1. d4 Nf6 2. c4 e6 3. Nf3 d5 4. Nc3 c6 5. e3 Bd6 6. Bd3 O-O 7. O-O dxc4 8. Bxc4
Nbd7 9. Qc2 e5 10. Re1 Qe7 11. b3 e4 12. Ng5 Bb4 13. Bb2 Bxc3 14. Bxc3 Nb6 15.
f3 Bf5 16. a3 Nxc4 17. bxc4 Rfe8 18. Qb3 1/2-1/2

[Event "17PCR_ZK04"]
[Site "?"]
[Date "2007.??.??"]
[Round "?"]
[White "Struzka, Vlastimil"]
[Black "Petricek, Jiri"]
[Result "1-0"]
[WhiteElo "2080"]
[BlackElo "1502"]
[PlyCount "41"]
[EventDate "2007.??.??"]
[EventType "corr"]
[EventRounds "2"]
[SourceDate "2007.06.28"]

1. d4 Nf6 2. Nf3 d5 3. e3 e6 4. Bd3 Nbd7 5. O-O Bd6 6. Nc3 O-O 7. e4 dxe4 8.
Nxe4 Nxe4 9. Bxe4 c5 10. c3 f5 11. Bc2 b6 12. Bb3 Nf6 13. Ng5 Re8 14. Qf3 Ba6
15. Nxe6 Qc8 16. Nxc5+ Kh8 17. Nxa6 Ng4 18. Nb4 a5 19. Nd3 a4 20. Bc2 Bxh2+ 21.
Kh1 1-0

[Event "17PCR_ZK04"]
[Site "?"]
[Date "2007.??.??"]
[Round "?"]
[White "Petricek, Jiri"]
[Black "Struzka, Vlastimil"]
[Result "0-1"]
[WhiteElo "1502"]
[BlackElo "2080"]
[PlyCount "44"]
[EventDate "2007.??.??"]
[EventType "corr"]
[EventRounds "2"]
[SourceDate "2007.06.28"]

1. e4 e5 2. Nf3 Nf6 3. d4 exd4 4. e5 Ne4 5. Qxd4 d5 6. exd6 Nxd6 7. Qe3+ Be7 8.
Nc3 Nc6 9. Bd2 O-O 10. Bd3 Nb4 11. a3 Nc4 12. Qd4 Qxd4 13. Nxd4 Nxd3+ 14. cxd3
Nxb2 15. O-O c6 16. Rae1 Bf6 17. Nf3 Nxd3 18. Re3 Rd8 19. Ne4 Be7 20. Bc3 Nf4
21. Rfe1 Nd5 22. Rd3 Nxc3 0-1

[Event "17PCR_ZK04"]
[Site "?"]
[Date "2007.??.??"]
[Round "?"]
[White "Petricek, Jiri"]
[Black "Kudr, Roman"]
[Result "1/2-1/2"]
[WhiteElo "1502"]
[BlackElo "2216"]
[PlyCount "34"]
[EventDate "2007.??.??"]
[EventType "corr"]
[EventRounds "2"]
[SourceDate "2007.06.28"]

1. e4 c6 2. d4 d5 3. e5 c5 4. dxc5 e6 5. Be3 Qc7 6. Nc3 a6 7. Nf3 Nd7 8. Na4
Nxc5 9. Nxc5 Bxc5 10. Bxc5 Qxc5 11. Be2 Ne7 12. O-O Bd7 13. a4 O-O 14. Bd3 f6
15. exf6 gxf6 16. c3 e5 17. Nh4 Rf7 1/2-1/2

[Event "17PCR_ZK04"]
[Site "?"]
[Date "2007.??.??"]
[Round "?"]
[White "Kudr, Roman"]
[Black "Masek, Frantisek"]
[Result "1-0"]
[WhiteElo "2216"]
[BlackElo "1864"]
[PlyCount "39"]
[EventDate "2007.??.??"]
[EventType "corr"]
[EventRounds "2"]
[SourceDate "2007.06.28"]

1. d4 d5 2. Nf3 c6 3. c4 Nf6 4. Nc3 dxc4 5. a4 Bf5 6. e3 e6 7. Bxc4 Bb4 8. O-O
O-O 9. Qb3 Qe7 10. Nh4 Be4 11. Nxe4 Nxe4 12. Bd3 Nf6 13. Nf3 c5 14. e4 cxd4 15.
e5 Nfd7 16. Bxh7+ Kxh7 17. Ng5+ Kg6 18. Qh3 Nxe5 19. Qh7+ Kf6 20. Ne4# 1-0

[Event "17PCR_ZK04"]
[Site "?"]
[Date "2007.??.??"]
[Round "?"]
[White "Slavik, Miroslav"]
[Black "Petricek, Jiri"]
[Result "1-0"]
[WhiteElo "2238"]
[BlackElo "1502"]
[PlyCount "49"]
[EventDate "2007.??.??"]
[EventType "corr"]
[EventRounds "2"]
[SourceDate "2007.06.28"]

1. d4 d5 2. Nf3 Nf6 3. e3 e6 4. Bd3 Bd6 5. Nbd2 O-O 6. c4 c6 7. O-O Nbd7 8. Qc2
e5 9. cxd5 cxd5 10. dxe5 Bxe5 11. Nb3 Bd6 12. Bd2 Re8 13. Bc3 b6 14. Bb5 Ne4
15. Bc6 Rb8 16. Bxd5 Nec5 17. Nxc5 Nxc5 18. Bxf7+ Kxf7 19. Qxh7 Rg8 20. Rad1
Qe7 21. b4 Na4 22. Be5 Bxe5 23. Qh5+ g6 24. Nxe5+ Kf6 25. Qh4+ 1-0

[Event "17PCR_ZK04"]
[Site "?"]
[Date "2007.??.??"]
[Round "?"]
[White "Petricek, Jiri"]
[Black "Slavik, Miroslav"]
[Result "0-1"]
[WhiteElo "1502"]
[BlackElo "2238"]
[PlyCount "44"]
[EventDate "2007.??.??"]
[EventType "corr"]
[EventRounds "2"]
[SourceDate "2007.06.28"]

1. Nf3 d5 2. d4 Nf6 3. e3 e6 4. Bd3 Nbd7 5. O-O c5 6. Nc3 Bd6 7. Nb5 Bb8 8.
dxc5 Nxc5 9. Be2 a6 10. Nc3 e5 11. b4 Ne6 12. b5 e4 13. Nd4 Qc7 14. g3 Qxc3 15.
Bd2 Qc7 16. Nxe6 Bxe6 17. bxa6 bxa6 18. Bb4 h5 19. h4 Rh6 20. Qd2 Rg6 21. Kh1
Ng4 22. Bd1 Nxf2+ 0-1

[Event "17PCR_ZK04"]
[Site "?"]
[Date "2007.??.??"]
[Round "?"]
[White "Masek, Frantisek"]
[Black "Petricek, Jiri"]
[Result "1-0"]
[WhiteElo "1864"]
[BlackElo "1502"]
[PlyCount "27"]
[EventDate "2007.??.??"]
[EventType "corr"]
[EventRounds "2"]
[SourceDate "2007.06.28"]

1. e4 e5 2. Nf3 Nc6 3. Bb5 a6 4. Ba4 Nf6 5. d4 exd4 6. O-O b5 7. Bb3 Bc5 8. a4
b4 9. e5 Ng4 10. Bxf7+ Kxf7 11. Ng5+ Kg8 12. Qxg4 d5 13. Ne6 Qe8 14. Qxg7# 1-0

[Event "17PCR_ZK04"]
[Site "?"]
[Date "2007.??.??"]
[Round "?"]
[White "Petricek, Jiri"]
[Black "Masek, Frantisek"]
[Result "0-1"]
[WhiteElo "1502"]
[BlackElo "1864"]
[PlyCount "26"]
[EventDate "2007.??.??"]
[EventType "corr"]
[EventRounds "2"]
[SourceDate "2007.06.28"]

1. e4 c5 2. Nf3 Nc6 3. d4 cxd4 4. Nxd4 Nf6 5. Nc3 d6 6. Bb5 Bd7 7. O-O g6 8.
Bxc6 bxc6 9. Bg5 Bg7 10. Bxf6 Bxf6 11. Qd2 Rb8 12. Rab1 c5 13. Nf3 Bc6 0-1

[Event "17PCR_ZK04"]
[Site "?"]
[Date "2007.??.??"]
[Round "?"]
[White "Struzka, Vlastimil"]
[Black "Kudr, Roman"]
[Result "1-0"]
[WhiteElo "2080"]
[BlackElo "2216"]
[PlyCount "96"]
[EventDate "2007.??.??"]
[EventType "corr"]
[EventRounds "2"]
[SourceDate "2007.06.28"]

1. d4 Nf6 2. Nf3 g6 3. Nc3 d5 4. Bf4 Bg7 5. Qd2 Ne4 6. Nxe4 dxe4 7. Ne5 Nd7 8.
Nxd7 Qxd7 9. e3 c5 10. c3 O-O 11. Be2 Rd8 12. Rd1 Qa4 13. b3 Qa5 14. b4 cxb4
15. cxb4 Qb6 16. Qb2 Bd7 17. Rc1 Rdc8 18. O-O Bb5 19. a3 a6 20. Bxb5 Qxb5 21.
Rc2 Qd7 22. Rfc1 b5 23. h3 e6 24. Rc7 Qd8 25. Qb1 Rxc7 26. Bxc7 Qd5 27. Rc5 Qb7
28. Bd6 Rd8 29. Rc7 Qd5 30. Be7 Re8 31. Qc2 Bf8 32. Bxf8 Rxf8 33. g4 h6 34. Kg2
Rd8 35. Rc5 Qb7 36. Rc6 Qa8 37. Qc5 Qb7 38. Rb6 Qa8 39. Qc7 Rc8 40. Qd7 Rd8 41.
Rxa6 Rxd7 42. Rxa8+ Kg7 43. h4 Rd5 44. Rc8 f5 45. g5 hxg5 46. hxg5 f4 47. exf4
Rxd4 48. Rc5 Rd5 1-0

[Event "17PCR_ZK04"]
[Site "?"]
[Date "2007.??.??"]
[Round "?"]
[White "Mudra, Oldrich"]
[Black "Masek, Frantisek"]
[Result "1-0"]
[WhiteElo "2116"]
[BlackElo "1864"]
[PlyCount "49"]
[EventDate "2007.??.??"]
[EventType "corr"]
[EventRounds "2"]
[SourceDate "2007.06.28"]

1. Nf3 Nf6 2. g3 c5 3. Bg2 d5 4. O-O Nc6 5. d3 Bg4 6. c4 dxc4 7. dxc4 e5 8. h3
Bh5 9. Nc3 Qb6 10. Nh4 Rd8 11. Qa4 Rd7 12. Bg5 Nd4 13. e3 Ne2+ 14. Nxe2 Bxe2
15. Rfe1 Bh5 16. f4 h6 17. Bxf6 gxf6 18. Be4 Rg8 19. g4 Bg6 20. Red1 Qc7 21.
Nf5 a6 22. Rd3 Qc8 23. Rad1 Bxf5 24. Bxf5 b5 25. Bxd7+ 1-0

[Event "17PCR_ZK04"]
[Site "?"]
[Date "2007.??.??"]
[Round "?"]
[White "Struzka, Vlastimil"]
[Black "Mudra, Oldrich"]
[Result "1-0"]
[WhiteElo "2080"]
[BlackElo "2116"]
[PlyCount "79"]
[EventDate "2007.??.??"]
[EventType "corr"]
[EventRounds "2"]
[SourceDate "2007.06.28"]

1. d4 Nf6 2. Nf3 d5 3. e3 c6 4. Bd3 Bg4 5. Nbd2 Nbd7 6. h3 Bh5 7. O-O e6 8. Re1
Bd6 9. e4 dxe4 10. Nxe4 Nxe4 11. Rxe4 O-O 12. Be2 Bg6 13. Rh4 h6 14. Bf4 Be7
15. Rg4 Nf6 16. Rxg6 fxg6 17. Bd3 Bd6 18. Bd2 g5 19. Qe2 Re8 20. c4 c5 21. Rd1
cxd4 22. Nxd4 Bc5 23. Nb3 Qe7 24. Bg6 Red8 25. Nxc5 Qxc5 26. Re1 Rac8 27. b3
Rc6 28. Bc3 a6 29. a4 a5 30. Qb2 Rcd6 31. Bc2 Nd7 32. Bb1 g4 33. Qc2 Nf8 34.
hxg4 Qb6 35. Qb2 Rd1 36. Bc2 Rxe1+ 37. Bxe1 Qc5 38. Qc1 Qe5 39. Bc3 Rd7 40.
Bxe5 1-0

[Event "17PCR_ZK04"]
[Site "?"]
[Date "2007.??.??"]
[Round "?"]
[White "Mudra, Oldrich"]
[Black "Slavik, Miroslav"]
[Result "1/2-1/2"]
[WhiteElo "2116"]
[BlackElo "2238"]
[PlyCount "89"]
[EventDate "2007.??.??"]
[EventType "corr"]
[EventRounds "2"]
[SourceDate "2007.06.28"]

1. Nf3 d5 2. d4 Nf6 3. c4 e6 4. Nc3 Nbd7 5. cxd5 exd5 6. Bf4 c6 7. Qc2 Nh5 8.
Bg5 Ndf6 9. e3 h6 10. Bh4 Bd6 11. O-O-O a5 12. Nd2 g5 13. Bg3 Nxg3 14. hxg3 Ng4
15. Nf3 a4 16. Bd3 a3 17. b3 O-O 18. Nh2 Nf6 19. Kb1 Kg7 20. Rc1 Re8 21. Nf1
Bd7 22. Bf5 Rc8 23. Bxd7 Qxd7 24. Na4 Qe6 25. Nc5 Bxc5 26. dxc5 Qe4 27. f3
Qxc2+ 28. Kxc2 h5 29. Kd3 Kg6 30. b4 Rb8 31. Nd2 b6 32. cxb6 Rxb6 33. Rc3 Rxb4
34. Rb1 Rxb1 35. Nxb1 Re6 36. Rxa3 Nd7 37. Ra8 Kg7 38. Nd2 h4 39. g4 Re7 40. a3
Nc5+ 41. Kd4 Ne6+ 42. Kd3 d4 43. Ne4 dxe3 44. Kxe3 Nf4 45. Kf2 1/2-1/2

[Event "17PCR_ZK04"]
[Site "?"]
[Date "2007.??.??"]
[Round "?"]
[White "Struzka, Vlastimil"]
[Black "Masek, Frantisek"]
[Result "1-0"]
[WhiteElo "2080"]
[BlackElo "1864"]
[PlyCount "57"]
[EventDate "2007.??.??"]
[EventType "corr"]
[EventRounds "2"]
[SourceDate "2007.06.28"]

1. d4 Nf6 2. Nf3 d5 3. e3 c5 4. Bd3 e6 5. O-O cxd4 6. exd4 Bd6 7. Re1 Nc6 8. c3
O-O 9. Ne5 Qc7 10. Bf4 b6 11. Nd2 Bb7 12. Qf3 Rfc8 13. Qh3 h6 14. Re3 Rab8 15.
Rg3 Nxe5 16. Rxg7+ Kf8 17. dxe5 Bxe5 18. Bxe5 Qxe5 19. Qxh6 Ke7 20. Rxf7+ Kxf7
21. Nf3 Qd6 22. Ng5+ Ke8 23. Qxf6 Kd7 24. Re1 Qe7 25. Qg6 Qe8 26. Qh6 Qg8 27.
Nxe6 d4 28. Ng7 Rc6 29. Bf5+ 1-0

[Event "17PCR_ZK04"]
[Site "?"]
[Date "2007.??.??"]
[Round "?"]
[White "Struzka, Vlastimil"]
[Black "Slavik, Miroslav"]
[Result "1/2-1/2"]
[WhiteElo "2080"]
[BlackElo "2238"]
[PlyCount "116"]
[EventDate "2007.??.??"]
[EventType "corr"]
[EventRounds "2"]
[SourceDate "2007.06.28"]

1. d4 Nf6 2. Nf3 d5 3. Bf4 c5 4. dxc5 e6 5. e3 Bxc5 6. Bd3 O-O 7. Nc3 Nc6 8.
O-O Qe7 9. e4 d4 10. Na4 e5 11. Nxc5 exf4 12. Nb3 Bg4 13. Qd2 Bxf3 14. gxf3 Nh5
15. Kh1 Rfd8 16. Rg1 Rd6 17. Be2 a5 18. a4 b6 19. Bc4 Ne5 20. Bd5 Rxd5 21. exd5
Nxf3 22. Qd3 Nxg1 23. Rxg1 Nf6 24. Nxd4 Qe5 25. c4 Ne4 26. Rg2 Re8 27. f3 Nc5
28. Qd1 Qe1+ 29. Rg1 Qf2 30. b3 Nxb3 31. Qxb3 Qxd4 32. Qc2 Qe3 33. Qd1 g6 34.
d6 Rd8 35. Rg5 Qc3 36. d7 h6 37. Rd5 Qxc4 38. Rd4 Qc5 39. Rd5 Qc3 40. Rd6 Qe5
41. Rd5 Qe6 42. Rd6 Qe7 43. Kg2 b5 44. Qd5 bxa4 45. Rxg6+ Kh7 46. Rd6 a3 47.
Qf5+ Kg7 48. Qg4+ Kf8 49. Qxf4 a2 50. Qxh6+ Kg8 51. Rd1 Rxd7 52. Rxd7 Qxd7 53.
Qg5+ Kf8 54. Qh6+ Ke7 55. Qh4+ Kd6 56. Qd4+ Ke6 57. Qe4+ Kf6 58. Qh4+ Kg6
1/2-1/2

[Event "17PCR_ZK04"]
[Site "?"]
[Date "2007.??.??"]
[Round "?"]
[White "Slavik, Miroslav"]
[Black "Kudr, Roman"]
[Result "1-0"]
[WhiteElo "2238"]
[BlackElo "2216"]
[PlyCount "81"]
[EventDate "2007.??.??"]
[EventType "corr"]
[EventRounds "2"]
[SourceDate "2007.06.28"]

1. e4 e5 2. Nf3 Nc6 3. Bc4 Nf6 4. Ng5 d5 5. exd5 b5 6. Bf1 Nd4 7. c3 Nxd5 8.
cxd4 Qxg5 9. Bxb5+ Kd8 10. O-O Bb7 11. Qf3 Rb8 12. dxe5 Nb4 13. d4 Qg6 14. d5
Bxd5 15. Rd1 Rxb5 16. Nc3 Qc6 17. Qf5 h6 18. a3 Ra5 19. Be3 Qe6 20. Qb1 Qa6 21.
axb4 Rxa1 22. Qxa1 Qxa1 23. Rxa1 Bb7 24. Rxa7 Kc8 25. b5 g5 26. Ra4 Bg7 27. f4
Re8 28. fxg5 hxg5 29. Bxg5 Bxe5 30. Bf4 Bxc3 31. bxc3 Re4 32. Rd4 Rxd4 33. cxd4
Bd5 34. h4 Bc4 35. Kf2 Bxb5 36. Ke3 Kd7 37. h5 Ba4 38. d5 Bc2 39. Kd4 f6 40.
Kc5 Bb1 41. h6 1-0

[Event "17PCR_ZK04"]
[Site "?"]
[Date "2007.??.??"]
[Round "?"]
[White "Slavik, Miroslav"]
[Black "Mudra, Oldrich"]
[Result "1-0"]
[WhiteElo "2238"]
[BlackElo "2116"]
[PlyCount "83"]
[EventDate "2007.??.??"]
[EventType "corr"]
[EventRounds "2"]
[SourceDate "2007.06.28"]

1. e4 c6 2. d4 d5 3. e5 Bf5 4. Nc3 e6 5. g4 Bg6 6. Nge2 c5 7. h4 h6 8. f4 Nc6
9. h5 Bh7 10. Be3 Qb6 11. Na4 Qa5+ 12. c3 Be4 13. Rh2 b6 14. Kf2 c4 15. b4 Qa6
16. Bh3 O-O-O 17. Kg1 Kb8 18. Nb2 Be7 19. a4 Qc8 20. Ng3 Bh7 21. Qf3 f6 22. b5
Na5 23. f5 Qc7 24. Rf1 fxe5 25. dxe5 Ka8 26. Bd4 Bg5 27. Ne2 Ne7 28. Nf4 Bxf4
29. Qxf4 Rhf8 30. Rhf2 exf5 31. e6 Qc8 32. Bxg7 Rg8 33. Qxh6 fxg4 34. Bxg4 Be4
35. Rf7 Rde8 36. Qf4 Nb7 37. h6 Nd8 38. Kh2 Qc5 39. Nd1 Ng6 40. Qg3 Nxe6 41.
Bxe6 Rxe6 42. Rc7 1-0